| 000 | 02822nam a22003857a 4500 | ||
|---|---|---|---|
| 005 | 20080926170116.0 | ||
| 008 | 080926t xxu||||| |||| 00| 0 eng d | ||
| 010 | _aENG-91063 B-308417-422 | ||
| 020 |
_a9788189915520 _c1150.00 |
||
| 035 | _aEN-74596 | ||
| 035 | _a B-308417-422 | ||
| 035 | _aB-359148 | ||
| 037 | _bDBAD / PUB | ||
| 037 | _bPansy Books | ||
| 040 |
_adpl _bEnglish |
||
| 082 | _a027.7 | ||
| 100 | _aArora, Kanu | ||
| 245 |
_aUniversity library system: _bcentralization and decentralization/ _cby Kanu Arora |
||
| 260 |
_aNew Delhi _bRegal Publications _c2008 |
||
| 270 |
_aF-159, Rajouri Garden _bNew Delhi _e110027 _k45546396 _mregalbookspub@yahoo.com |
||
| 300 |
_axviii, 363p. _c22cm(pbk) |
||
| 500 | _aIncludes bibliographical references and index | ||
| 650 | _aUniversity library system | ||
| 942 |
_2ddc _cEN _mARO _h027.7 |
||
| 999 |
_c15769 _d15769 |
||